000 00649nam a22001937a 4500
008 160504b xxu||||| |||| 00| 0 eng d
020 _a978-971-9617-68-6
082 _22016
_aDFil 808.066363
_bB18p
100 _912285
_aBalares, Marilyn Fetalvo
245 _aPolice report writing/
_cMariyln Fetalvo-Balares...[and two others].
260 _aQuezon City:
_bWiseman's Books Trading, Inc.,
_cc2016.
300 _aiv, 173 pages:
_c27 cm.
500 _aInclude bibliography
650 0 _912286
_aPolice reports
700 _912287
_aSanao, Mary Jane Anannayo
700 _912288
_aGarcia, Nicasio Lanite
365 _b398.00
_cPhp.
942 _2ddc
_cDFIL
999 _c3689
_d3689